000 00382 a2200145 4500
001 166908
020 _a
040 _cMagnum
100 _aPerello, Jorge Solivellas
240 1 0 _aPedagogia do estagio: experiencias de formacao profissional
_lpor
245 1 0 _aPedagogia do estagio: experiencias de formacao profissional
362 0 _a1899
697 _aPEDAGOGIA
942 _cBK
999 _c166908
_d166908